Obligaciones naturales y deberes morales (Registro nro. 4670)

Detalles MARC
000 -LEADER
fixed length control field 02167 a2200205 4500
001 - CONTROL NUMBER
control field 48657
005 - DATE AND TIME OF LATEST TRANSACTION
control field 20260407155751.0
008 - FIXED-LENGTH DATA ELEMENTS--GENERAL INFORMATION
fixed length control field 260407a1998 arg spa d
003 - CONTROL NUMBER IDENTIFIER
control field AR-UNSa-BCEJYS
040 ## - CATALOGING SOURCE
Original cataloging agency AR-UNSa-BCEJYS
Language of cataloging spa
Transcribing agency AR-UNSa-BCEJYS
080 ## - UNIVERSAL DECIMAL CLASSIFICATION NUMBER
Universal Decimal Classification number 347.41
Common auxiliary subdivision Obligaciones en general (civil)
020 ## - INTERNATIONAL STANDARD BOOK NUMBER
International Standard Book Number 950-572-439-X
100 1# - MAIN ENTRY--PERSONAL NAME
Personal name Moisset de Espanés, Luis
245 10 - TITLE STATEMENT
Title Obligaciones naturales y deberes morales
264 #1 - PRODUCTION, PUBLICATION, DISTRIBUTION, MANUFACTURE, AND COPYRIGHT NOTICE
Place of production, publication, distribution, manufacture Buenos Aires :
Name of producer, publisher, distributor, manufacturer Víctor P. de Zavalía
Date of production, publication, distribution, manufacture, or copyright notice 1998
300 ## - PHYSICAL DESCRIPTION
Extent 377 p.
Dimensions 23 cm.
505 ## - FORMATTED CONTENTS NOTE
Formatted contents note Sección Primera: Los deberes morales y las obligaciones naturales: 1. Introducción - 2. Obligaciones naturales - 3. El cumplimiento de las obligaciones naturales - 4. Deberes morales - Sección Segunda: Antecedentes históricos: 1. Necesidad del estudio histórico - 2. El derecho griego y las obligaciones naturales - 3. El derecho romano - 4. Derecho romano (continuación). Distintas hipótesis de obligaciones naturales: Parte Primera: Obligaciones naturales que nacen con ese carácter - Parte Segunda: Obligaciones que comienzan siendo civiles y se transforman en naturales - 5. Derecho romano (continuación). Las llamadas obligaciones naturales impropias - 6. Derecho español histórico: Las partidas - Sección tercera: Derecho comparado: 1. Introducción - 2. Sistema angloamericano - 3. Sistema francés (Obligaciones naturales) - 4. Códigos que no mencionan las obligaciones naturales - 5. Sistema Germánico. Códigos que hablan de deberes morales - 6. Ordenamientos jurídicos que superponen las denominaciones de obligación natural y deber moral - 7. Sistema socialista - 8. Sistema hispanoamericano (Obligaciones naturales) - Sección Cuarta: Derecho argentino: 1. Introducción - 2. Características de las obligaciones naturales - 3. Efectos de las obligaciones naturales - 4. Supuestos de obligaciones naturales - 5. Análisis de los distintos supuestos - 6. Análisis de los distintos supuestos (continuación) - 7. Análisis de los distintos supuestos (continuación) - 8. Los deberes morales como obligaciones naturales - 9. Proyectos de reforma.
590 ## - LOCAL NOTE (RLIN)
Local note niveau_biblio:m niveau_hierar:0
942 ## - ADDED ENTRY ELEMENTS (KOHA)
Koha item type
Existencias
Withdrawn status Lost status Damaged status Not for loan Home library Current library Shelving location Date acquired Total checkouts Full call number Barcode Date last seen Price effective from Koha item type
        Biblioteca Prof. Eusebio Cleto del Rey Biblioteca Prof. Eusebio Cleto del Rey   07/04/2026   347.41 M714 L85658 07/04/2026 07/04/2026 Libro